| 000 | 00867nam a2200241 i 4500 | ||
|---|---|---|---|
| 001 | bg | ||
| 100 | 1 | _aŻYNIEWICZ, Maciej | |
| 245 | 1 | 0 |
_aLuki podatkowe oraz inne legalne i nielegalne metody wykorzystywane przez podatników w celu zmniejszenia obciążeń podatkowych / _cMaciej Żyniewicz, Dariusz Załupka. |
| 260 |
_aWrocław : _b"Netnet", _c1999. |
||
| 300 |
_a400 s. ; _c24 cm. |
||
| 504 | _aBibliogr. s. 399. | ||
| 650 | 9 |
_aPodatek _xprawo _xzagadnienia _zPolska _ystan na 1999 r. |
|
| 650 | 9 |
_aUlgi podatkowe _xprawo _zPolska _ystan na 1999 r. |
|
| 700 | 1 | _aZAŁUPKA, Dariusz | |
| 020 | _a8391242609 | ||
| 040 | _cBPK | ||
| 041 | 0 | _apl | |
| 080 | _a336.22(438) | ||
| 920 | _a83-912426-0-9 | ||
| 942 | _cKS | ||
| 008 | s pl f |000 0 pol | ||
| 999 |
_c40297 _d40297 |
||
| 856 |
_uhttp://koha.tu.koszalin.pl/cgi-bin/koha/opac-detail.pl?biblionumber=40297 _yKatalog online BPK |
||